000 00880nam a2200241 u 4500
005 20240911064446.0
008 091119s2008 mx r 000 0 spa d
020 _a9702610478 (10 dígitos)
020 _a9789702610472 (13 dígitos)
035 _aUPN01000173861
049 _aCG
050 4 _aHQ796
_bJ4.2 2008
100 1 _aJensen Arnett, Jeffrey
245 1 0 _aAdolescencia y adultez emergente :
_bun enfoque cultural /
_cJeffrey Jensen Arnett ; tr. María Elena Ortiz Salinas.
250 _a3a ed.
260 _aMéxico :
_bPearson Educación,
_c2008.
300 _axvii, 558 p. :
_bil., gráfs.
534 _pTraducción de:
_tAdolescence and emerging adulthood : a cultural approach
650 4 _aADOLESCENCIA -
_vESTUDIOS INTERCULTURALES
_914539
650 4 _aAdultos jóvenes
_vEstudio interculturales
_914540
650 4 _aCiencias sociales
_99133
905 _aLibro
999 _c145965
_d145965